000 02912nam a2200325 a 4500
003 BLK
005 20250621132333.0
008 200701b bu ||||| |||| 00| 0 bu d
020 _a9786192110512
040 _aBLK
041 _aBUL
_cBUL
080 _aБългарска литература
_b821.163.2
_x-93-91
_z821.163.2-93-91
084 _aП 87
100 _9421
_aПетрова, Мария
245 _aПриказки от близо и далече : с големи букви за малки читатели
_cадапт. Мария Петрова ; худож. Светлана Кисьова.
260 _9217114
_aСофия
_bПУХ
_c2016
_fСофия : Алианс принт
_n978-954-9701-
300 _a127 с.
_bс цв. ил.
_c 24 см
380 _aDX
490 _9207289
_aПриказки с големи букви за малки читатели
_xISSN C622-4628
500 _aКор. опис. Пълната форма на името на адапт. Мария Петрова е Мария Петрова Донкова
505 _tСъдържа: Куцото патенце ; Вълк и елен ; Господар и готвач ; Не със сила, а с ум ; Умният слуга ; Обущарят ; Косе Босе и лисицата ; Работният кос ; Лисицата кръстница ; Лисицата и врабчето ; Двете козлета ; Щурец и мравка ; Котарак, петел и лисица ; Лисицата и гроздето ; Златната мома ; Къщичката на Зайо ; Лисица и фазан ; Лисицата и стомната ; Житената питка ; Мишка и къртица ; Момче и вятър ; Хитър Петър на събрание ; Защо не убиват старите хора ; Правосъдието и лисицата ; Щъркел и лисица ; Лисицата и таралежът ; Мечката и лошата дума ; Нероден Петко ; Четиримата бременски музиканти ; Заекът и костенурката ; Маша и Мечокът ; Ряпата ; Ръкавичката ; Болен здрав носи ; Клан-недоклан ; Баба, Сладушка, Твърдушка, Мекушка и вълкът ; Торба с лъжи
653 _9184826
_aдетска литература
700 _9421
_aПетрова, Мария
_eадапт.
700 _9263935
_aКисьова, Светлана Иванова
_eхудож.
852 _aЦб 300004
_bЦб
852 _bД
_c821.163.2-93/П 87
942 _cKNG
_n0
_s1
_04
944 _aCR
_c2020-07-01
_k30552
_lВиолета Тройчева
999 _c372303
_d372303